000
00331 a2200145 4500
001
172034
020
_a
040
_c
Magnum
100
_a
Ferreira Neto, Edgard Leite
240
1
0
_a
Os partidos politicos no brasil
_l
por
245
1
0
_a
Os partidos politicos no brasil
362
0
_a
1899
697
_a
PARADIDATICO
942
_c
BK
999
_c
172034
_d
172034